[Event "CUB-ch"]
[Site "Las Tunas"]
[Date "2001.04.08"]
[Round "8"]
[White "Bruzon Batista, Lazaro"]
[Black "Abreu Delgado, Aryam"]
[Result "1-0"]
[WhiteElo "2584"]
[BlackElo "2480"]
[Annotator "Huebner,R"]
[PlyCount "97"]
[EventDate "2001.04.01"]
[EventType "tourn"]
[EventRounds "16"]
[EventCountry "CUB"]
[EventCategory "9"]
[SourceTitle "CBM 083"]
[Source "ChessBase"]
[SourceDate "2001.07.05"]
[SourceVersion "1"]
[SourceVersionDate "2001.07.05"]
[SourceQuality "1"]

1. c4 {Huzman} Nf6 2. Nf3 c6 3. d4 d5 4. Qc2 dxc4 5. e4 {dieses originelle
Bauernopfer wird selten gespielt; üblich ist natürlich} (5. Qxc4 {Vgl. ECO (2.
Auflage) D23/5.}) 5... b5 6. b3 {'!?' Huzman.} cxb3 7. axb3 g6 {Dies ist
offenbar eine solide Fortsetzung. Andere Züge sind versucht worden:} (7... Bg4
8. Ne5 $6 Qxd4 9. Nxc6 Qxa1 10. Bxb5 Bd7 11. Bb2 Qxb2 12. Qxb2 Nxc6 $17 {
0-1 Rausis,I-Szabolcsi,J/France 2000/EXT 2001 (59). (59)}) (7... e6 {wurde am
häufigsten gespielt, obwohl es nicht besonders wirksam aussieht:} 8. Bd2 a5 (
8... b4 9. Bd3 Bb7 10. O-O Nbd7 11. e5 Nd5 12. Bxh7 c5 13. dxc5 Bxc5 14. Bg5
Qc7 $11 {1-0 Korobov,I-Rozkov,N/Murom 2000/EXT 2001 (25). (24)}) 9. Bd3 h6 10.
O-O Be7 11. Bf4 Bb7 12. Qe2 Nbd7 13. Nc3 b4 14. Na4 Qc8 15. Nd2 Ba6 16. Nc4
Bxc4 17. Bxc4 Qb7 $13 {1-0 Ivanov,M-Zierke,O/Berlin 1999/EXT 2000 (50). (49)})
8. Bd3 {Ein Vorgänger:} (8. Bd2 Bb7 9. Ba5 Qc8 10. Nbd2 Bg7 11. Bd3 O-O 12. Rc1
Nbd7 13. O-O e5 14. d5 cxd5 15. Qb1 Qe8 16. Bxb5 dxe4 17. Ng5 Qe7 18. Ngxe4
Nxe4 19. Nxe4 Nf6 20. Rc7 {1/2-1/2 Ionescu,C-Chirila,R/Sovata 1997/EXT 2000 
(20).}) 8... Bg7 9. O-O O-O 10. b4 Bb7 11. Nbd2 a5 (11... e5 $5 {Huzman} 12.
dxe5 (12. Nxe5 {Huzman} Qxd4 13. Bb2 Qd6 14. Nef3 Rd8 15. Bd4 Nh5) 12... Nfd7
13. Nb3 (13. Bb2 {Huzman} Qe7 14. Nb3 Na6) 13... Nxe5 14. Nxe5 Bxe5 15. Rb1 Na6
16. Bd2 $44) 12. bxa5 Rxa5 13. Rxa5 Qxa5 14. Nb3 {'©' Huzman.} Qd8 (14... Qc7 {
Huzman} 15. Bd2 Na6 16. Rc1 Rc8 17. Qb2 $44) 15. Bd2 (15. Nc5 $6 {Huzman} Bc8
16. Bb2 Nfd7 17. Nb3 Nb6 18. Rc1 Be6 $15) (15. Ba3 $5 {(Huzman) If White would
manage to prevent e7-e5 or c6-c5 breakthrough,they`ll have full compensation
for a pawn.}) 15... Nfd7 16. e5 {'?!' Huzman.} (16. Ba5 {Huzman} Qc8 17. Bb4
Re8 $15) 16... c5 {'!' Huzman.} 17. Bxb5 $6 (17. Nxc5 Bxf3 18. gxf3 Nc6 19. Be3
(19. Ne6 fxe6 20. Qxc6 Nxe5 21. Qxe6+ Kh8 {ist unerfreulich für Weiß.}) 19...
Nb4 20. Qb1 Nxc5 21. Qxb4 Nxd3 22. Qxb5 {führt zu einer Remisstellung.}) 17...
cxd4 (17... Bxf3 {Huzman} 18. gxf3 cxd4 19. f4 Qb6 20. Qc4 g5 21. e6 Qxe6 (
21... fxe6 {Huzman} 22. Re1 $36) 22. Qxe6 fxe6 23. fxg5 Rc8 24. Rc1 $44) 18. e6
({Zum Ausgleich führt} 18. Ba5 Qc8 19. Qxc8 Rxc8 20. e6 fxe6 21. Nbxd4) 18...
Ne5 (18... Nb6 $5 19. exf7+ (19. Nc5 {Huzman} Bxf3 20. gxf3 Qd6 21. exf7+ Rxf7
22. Ne4 Qe5 23. Rb1 N8d7 $17) 19... Rxf7 20. Be2 (20. Qd3 {Huzman} Bxf3 21.
gxf3 Qd5 $17) 20... e5 21. Nc5 Bd5 22. Rc1 (22. Ng5 {Huzman} Rc7 23. Bg4 Na6
24. Be6+ Kh8 $17) 22... Rc7 23. Qb1 Qd6 (23... N8d7 {Huzman} 24. Nxd7 Rxc1+ 25.
Bxc1 Nxd7 26. Qb5 Nb6 27. Bg5 Qb8 28. Nd2 $44) 24. Ne4 Rxc1+ 25. Bxc1 Qc6) (
18... Bxf3 {Huzman} 19. exd7 {[%cal Gd2a5]} Qb6 20. Qc5 Qxc5 21. Nxc5 Bc6 22.
Rb1 Bxb5 23. Rxb5 Nc6 24. Nb7 $16) 19. exf7+ ({Nach} 19. Nfxd4 Qd5 20. f3 Rc8 {
ist die Lage des Weißen nicht bequem.}) 19... Rxf7 $6 (19... Nxf7 {bietet
bessere Aussichten, den Vorteil zu verwerten.} 20. Nc5 Bxf3 21. gxf3 Ne5 (21...
Qd5 {Huzman} 22. Bc4 Qxf3 23. Ne6 Rc8 24. Ng5 Qg4+ 25. Kh1 e6 26. f3 Qh5 27.
Qb3 $36) 22. Qb3+ (22. Bc4+ {Huzman} Kh8 23. Ne6 Qc8 24. Nxf8 Nxf3+ 25. Kh1
Nxd2 26. Qxd2 Qxc4 $17) 22... Kh8 23. f4 Qb6 24. fxe5 Qxc5 25. f4) 20. Nbxd4 $2
({Nach} 20. Nxe5 Bxe5 21. Bc4 Bd5 22. f4 Bg7 {ist die Aufgabe des Weißen nicht
einfach.}) ({Richtig ist} 20. Nfxd4 Qd5 21. f3 Nxf3+ {Andere Fortsetzungen
bringen nichts ein.} 22. Rxf3 Bxd4+ (22... Rxf3 {scheitert an} 23. Bc4) 23.
Nxd4 Qxd4+ 24. Be3 Qa1+ 25. Rf1 {, und Weiß hält remis.}) 20... Bxf3 21. Nxf3
Rxf3 22. gxf3 Nxf3+ 23. Kg2 Nxd2 24. Qa2+ Kf8 25. Rd1 Bh6 26. Qe6 Qd6 $4 (26...
Qc7 {(droht 27...Db7+)} 27. Qd5 e6 {sollte mühelos zum Gewinn führen. Der
Textzug führt zum Gegenteil, doch nimmt Schwarz seine Möglichkeiten, ums Remis
zu kämpfen, nicht wahr.}) 27. Qxd6 exd6 28. Rc1 Bf4 $2 ({Nach} 28... Ne4 29.
Rc8+ Kf7 30. Rxb8 Nf6 {konnte sich Schwarz noch berechtigte Remishaoffnungen
machen. Jetzt wird auch sein Springer abgeschnitten, und das besiegelt seine
Niederlage.}) 29. Rc8+ Kg7 30. Rxb8 h6 $2 (30... Ne4 {scheitert an} 31. Kf3) (
30... Nb3 31. Rb7+ Kh6 {bot jedoch noch die Möglichkeit, den Springer in
belebte Gegenden zurückzuführen. Nach dem Textzug ist es endgültig aus.}) (
30... Be5 {Huzman} 31. Rb7+ Kh6 32. Bc6 {[%csl Rd2]}) 31. Bd3 g5 32. h3 h5 (
32... d5 33. Rd8 Ne4 34. Rxd5 Nf6 35. Ra5 {ist ebenfalls hoffnungslos für
Schwarz.}) 33. Rb5 h4 34. f3 Be3 35. Rd5 Bf4 36. Kf2 Kf6 {'??' Huzman.} (36...
Nb3 $14 {Huzman}) 37. Rb5 Ke6 38. Ke2 d5 39. Bh7 d4 40. Rb2 Ke5 41. Rxd2 Bxd2
42. Kxd2 Kf4 43. Ke2 Kg3 44. Bf5 d3+ 45. Bxd3 Kxh3 46. Kf2 Kh2 47. Bf5 Kh1 48.
Bh3 Kh2 49. Bg2 1-0

[Event "Petrov Memorial op"]
[Site "St Petersburg"]
[Date "1996.??.??"]
[Round "7"]
[White "Krechetov, Alexandr"]
[Black "Komliakov, Viktor"]
[Result "0-1"]
[WhiteElo "2325"]
[BlackElo "2500"]
[Annotator "Huebner,R"]
[PlyCount "56"]
[EventDate "1996.02.??"]
[EventType "swiss"]
[EventRounds "9"]
[EventCountry "RUS"]
[SourceTitle "CBM 052"]
[Source "ChessBase"]
[SourceDate "1996.06.01"]
[SourceVersion "1"]
[SourceVersionDate "1996.06.01"]
[SourceQuality "1"]

1. Nf3 d5 2. c4 c6 3. d4 Nf6 4. e3 Bg4 5. cxd5 cxd5 {Dies gilt als ungenau; im
allgemeinen wird 5...Lf3: gespielt.} 6. Qb3 Qc8 7. Nc3 (7. Bb5+ {kommt sehr in
Betracht, weil 7...Sc6 mit 8.Se5 beantwortet werden kann.}) 7... Bxf3 8. gxf3
e6 9. e4 {Dies ist positionell von zweifelhafter Qualität.} Nc6 10. Be3 Bb4 11.
Bd3 O-O 12. O-O-O $6 (12. a3 $142) 12... Bxc3 13. bxc3 (13. Qxc3 Nb4 14. Kd2
Nxd3 15. Qxc8 (15. Kxd3 Qd7 $19) 15... Raxc8 16. Kxd3 Rc6 $17) 13... b5 14. Kd2
Rb8 15. Bg5 Na5 $6 (15... Nh5 $5 16. exd5 Na5 $17 {Der König des Weißen ist zu
exponiert.}) 16. Qa3 (16. Qb4 Nc4+ 17. Ke2 $5) 16... dxe4 17. Bxf6 (17. fxe4
Nxe4+ $19) (17. Qxa5 exd3 18. Bxf6 gxf6 19. Qb4 $13) 17... exd3 18. Rhg1 $2 (
18. Qxa5 gxf6 19. Qb4 $13) 18... Nc4+ 19. Kxd3 g6 20. Qc1 e5 $19 21. Qg5 (21.
Qh6 Qf5+ $19) 21... exd4 22. cxd4 Re8 23. Rc1 Qa6 24. d5 Rbc8 25. Rg4 Qa3+ 26.
Rc3 Qxa2 27. Rc2 Qb3+ 28. Bc3 Ne5+ 0-1

[Event "St Petersburg-ch"]
[Site "St Petersburg"]
[Date "2001.04.12"]
[Round "3"]
[White "Popov, Valerij"]
[Black "Kashtanov, Ruslan"]
[Result "1-0"]
[WhiteElo "2545"]
[BlackElo "2412"]
[Annotator "Huebner,R"]
[PlyCount "57"]
[EventDate "2001.04.10"]
[EventType "tourn"]
[EventRounds "11"]
[EventCountry "RUS"]
[EventCategory "9"]
[SourceTitle "CBM 083"]
[Source "ChessBase"]
[SourceDate "2001.07.05"]
[SourceVersion "1"]
[SourceVersionDate "2001.07.05"]
[SourceQuality "1"]

1. c4 c6 2. Nf3 d5 3. e3 a6 4. d4 Nf6 5. Nbd2 Bf5 6. Qb3 Ra7 7. Bd3 e6 8. O-O
b5 9. Bxf5 exf5 10. cxb5 cxb5 11. a4 b4 12. Ne5 Be7 13. Ndf3 O-O 14. Bd2 Ne4
15. Rfc1 Rc7 $2 {Dies stellt einfach einen Bauern ein.} (15... a5 {ist
befriedigend, zum Beispiel} 16. Qd3 Rb7) 16. Rxc7 Qxc7 17. Qxd5 Qc2 $6 {
Danach gewinnt Weiß auf der Stelle.} (17... Nxd2 18. Nxd2 Qc2 19. Qb3 Qxb3 (
19... Qxd2 20. Nf3 Qe2 21. Re1 {kostet die Dame.}) 20. Nxb3 {führt aber
natürlich auch zu einer hoffnungslosen Lage.}) 18. Nxf7 Rxf7 19. Rc1 Qxa4 20.
Ne5 $6 {Dies genügt auch zum Gewinn; einfacher ist jedoch} (20. Rc8+ Bf8 21.
Rxf8+ Kxf8 22. Qd8+ Qe8 23. Bxb4+ Re7 24. Bxe7+ Kf7 25. Ne5+) 20... Nd6 21.
Nxf7 Nxf7 22. Qxf5 Bf8 23. h3 Nd7 24. b3 Qa2 25. Bxb4 Qxb3 26. Bxf8 Nxf8 27.
Rc8 Qb7 28. Qc5 Nd6 29. Rd8 1-0

[Event "Hamburg HSK"]
[Site "Hamburg"]
[Date "1996.??.??"]
[Round "4"]
[White "Loeffler, Stefan"]
[Black "Wahls, Matthias"]
[Result "0-1"]
[WhiteElo "2410"]
[BlackElo "2540"]
[Annotator "Huebner,R"]
[PlyCount "43"]
[EventDate "1996.10.03"]
[EventType "tourn"]
[EventRounds "9"]
[EventCountry "GER"]
[EventCategory "9"]
[SourceTitle "CBM 056"]
[Source "ChessBase"]
[SourceDate "1997.02.01"]
[SourceVersion "1"]
[SourceVersionDate "1997.02.01"]
[SourceQuality "1"]

1. d4 Nf6 2. g3 d5 3. Bg2 c6 4. Nf3 Bf5 5. c4 e6 6. Nc3 h6 7. O-O Nbd7 8. Ne5
Be7 9. Bf4 O-O 10. a3 a5 11. Rc1 Re8 12. Nxd7 Qxd7 13. Na4 Qd8 14. Qb3 Ra7 15.
Qb6 Qa8 16. Nc5 $6 (16. cxd5 $142 exd5 (16... Nxd5 17. Qb3 $14) 17. Rfe1 {
mit etwa gleichem Spiel. Nach dem Textzug kommt die Dame des Weißen in
Schwierigkeiten.}) 16... a4 17. Qb4 (17. Be5 Bd8 18. Qb4 Ba5 19. Qxa4 Bd2 20.
Qd1 Bxc1 21. Qxc1 $15) 17... Nd7 18. Qd2 $4 (18. cxd5 exd5 19. Qd2 {Der
Vorteil des Schwarzen ist nur gering.}) 18... Bxc5 19. dxc5 Nxc5 20. Qe3 Nb3
21. Rcd1 Bc2 22. Bxh6 (22. Bxh6 gxh6 23. Qxh6 Bxd1 24. Qg5+ Kf8 25. Qh6+ Ke7
26. Qg5+ Kd7 $19) 0-1

[Event "Ashkhabad-A"]
[Site "Ashkhabad"]
[Date "1996.??.??"]
[Round "8"]
[White "Kakageldyev, Amanmurad"]
[Black "Ivanov, Victor L"]
[Result "1/2-1/2"]
[WhiteElo "2475"]
[BlackElo "2450"]
[Annotator "Huebner,R"]
[PlyCount "252"]
[EventDate "1996.??.??"]
[EventType "tourn"]
[EventRounds "13"]
[EventCountry "TKM"]
[EventCategory "9"]
[SourceTitle "CBM 053"]
[Source "ChessBase"]
[SourceDate "1996.08.01"]
[SourceVersion "1"]
[SourceVersionDate "1996.08.01"]
[SourceQuality "1"]

1. d4 {Hecht} d5 2. c4 dxc4 3. Nf3 c6 4. e3 b5 5. a4 e6 6. axb5 cxb5 7. b3 Bb4+
8. Bd2 Bxd2+ 9. Nbxd2 a5 10. bxc4 b4 11. Bd3 Nf6 12. O-O O-O 13. e4 {Dies ist
ein neuer Zug; wegen der Antwort des Schwarzen überzeugt er nicht.} e5 14. Qc2
exd4 {Aber ist sieht riskant aus;} (14... Re8 $5) 15. e5 Nfd7 16. Bxh7+ Kh8 17.
Be4 Ra6 18. Nb3 (18. Rfe1 $5) 18... Qc7 19. Rfe1 a4 20. Nbxd4 Nxe5 21. Rxa4
Nxf3+ 22. Nxf3 Rxa4 23. Qxa4 Qxc4 24. Ne5 Qc3 25. Nd3 Qd4 (25... Na6 $5) 26.
Qxb4 Qxb4 27. Nxb4 Re8 28. Rc1 Rxe4 29. Rxc8+ Kh7 30. Nc2 Nd7 31. Ne3 Nb6 32.
Rc5 g6 33. g4 {Weiß bohrt Löcher in seine Bauernstrukur; ich hätte 33.g3
vorgezogen.} Kg7 34. Rc7 $6 (34. Kg2 {war besser.}) 34... Rd4 35. Rb7 {
Hiernach erzwingt Schwarz Turmtausch; danach sind die Gewinnaussichten des
Weißen gering. Besser war} (35. Rc5) 35... Nc4 36. Rb4 Ne5 37. Rxd4 Nf3+ 38.
Kg2 Nxd4 {Hecht: [#] 3-2, später 2-1 Bauern am K-Flügel. keine
schwarzeB-Schwäche --> remis} 39. Kg3 Kf6 40. h4 Ne6 41. f4 Nd4 42. Nc4 Kg7 43.
Kf2 Ne6 44. Ke3 Kh6 45. Nd6 f6 46. Kf3 Kg7 47. Ke4 Nc5+ 48. Ke3 Ne6 49. g5 fxg5
50. hxg5 Nc5 51. Kd4 Ne6+ 52. Ke5 Nc5 53. Nc4 Nd3+ 54. Ke4 Nc5+ 55. Kd4 Ne6+
56. Ke5 Nc5 57. Nb2 Kf7 58. Kd6 Ne4+ 59. Kd5 Nc3+ 60. Ke5 Ne2 61. Nc4 Kg7 62.
Nb6 Kf7 63. Nd5 Ng3 64. Nb6 Ne2 65. Nc4 Kg7 66. Nd6 Kf8 67. Nb5 Kf7 68. Nd4 Ng3
69. Kd5 Ke7 70. Nc6+ Kf7 71. Ne5+ Kg7 72. Ke6 Ne2 73. Nd3 Nd4+ 74. Ke7 Nf5+ 75.
Kd7 Kf7 76. Ne5+ Kg7 77. Nc6 Kf7 78. Nd8+ Kg7 79. Ke8 Nd6+ 80. Ke7 Nf5+ 81. Kd7
Kf8 82. Ke6 Kg7 83. Nc6 Ne3 84. Nd4 Kg8 85. Kf6 Nd5+ 86. Ke5 Ne3 87. Ke4 Nc4
88. Nc6 Kg7 89. Kd5 Ne3+ 90. Ke5 Kf7 91. Ke4 Nf1 92. Ne5+ Kg7 93. Nc4 Ng3+ 94.
Ke5 Ne2 95. Nd6 Kf8 96. Nb5 Kf7 97. Nd4 Ng3 98. Kd5 Ke7 99. Nf3 Kf7 100. Ne5+
Kg7 101. Ke6 Ne2 102. Nd3 Nd4+ 103. Ke7 Nf5+ 104. Kd7 Kf7 105. Ne5+ Kg7 106.
Ng4 Nd4 107. Kd6 Ne2 108. Ke5 Kf7 109. Nf2 Kg7 110. Nd3 Kf7 111. Kd6 Nd4 112.
Ne5+ Kg7 113. Ke7 Nf5+ 114. Kd7 Nd4 115. Nc6 Ne2 116. Nd8 Kg8 (116... Nxf4 {
Hecht} 117. Ne6+ Nxe6 118. Kxe6 Kg8 119. Kf6 Kh7 120. Kf7 Kh8 121. Kxg6 Kg8
122. Kh6 $18) 117. Ne6 Kf7 118. Kd6 Ng3 119. Nd8+ Ke8 120. Nc6 Kf7 121. Ne5+
Kg7 122. Ke7 Nf5+ 123. Kd7 Nd4 124. Kd6 Nf5+ 125. Kd7 Nd4 126. Nd3 Kf7 1/2-1/2

[Event "Jakarta Gunadarma"]
[Site "Jakarta"]
[Date "1996.??.??"]
[Round "2"]
[White "Torre, Eugenio"]
[Black "Sokolov, Ivan"]
[Result "1-0"]
[WhiteElo "2535"]
[BlackElo "2670"]
[Annotator "Huebner,R"]
[PlyCount "105"]
[EventDate "1996.10.15"]
[EventType "tourn"]
[EventRounds "9"]
[EventCountry "INA"]
[EventCategory "13"]
[SourceTitle "CBM 056"]
[Source "ChessBase"]
[SourceDate "1997.02.01"]
[SourceVersion "1"]
[SourceVersionDate "1997.02.01"]
[SourceQuality "1"]

1. Nf3 d5 2. d4 c6 3. c4 dxc4 4. e3 b5 5. a4 e6 6. axb5 cxb5 7. b3 Bb4+ 8. Bd2
Bxd2+ 9. Nbxd2 a5 10. bxc4 b4 11. Ne5 Nf6 12. Bd3 O-O 13. O-O Bb7 14. f4 Nbd7
15. Bc2 (15. c5 {sieht energischer aus:} Nxe5 16. fxe5 Nd5 17. Nc4 Qg5 18. Qf3
a4 19. e4 Nc3 20. Nd6 Rab8 21. Rf2 f5 22. Bc4 Bxe4 (22... Nxe4 $142 23. Bxe6+
Kh8 $13) 23. Bxe6+ Kh8 24. Qh3 a3 25. Raf1 g6 26. Nf7+ $16 {1-0 Belov,
I-Skomorokhin,R/Ostrava op 1992 (41)}) 15... Qc7 16. Qe1 Rfd8 17. Qh4 Nf8 18.
f5 exf5 19. Rxf5 Ng6 20. Qg3 Re8 ({Nach} 20... Nxe5 21. Rxe5 Rd7 (21... Re8 $2
22. Bxh7+ $18) 22. Ra4 {kann Schwarz die Drohung 23.Texa5 nicht befriedigend
parieren; 22...Dd8 scheitert an 23.Sb3.}) 21. Rg5 Qd8 $2 {Hiernach wird die
Lage des Schwarzen äußerst schwierig.} (21... Re6 {mit der Absicht Ta8-e8
sollte versucht werden; Druck gegen e3 soll den Angriff auf den Bauern a5
neutralisieren. Nach} 22. Ba4 Ne4 23. Nxe4 Bxe4 {hat sich Schwarz entlastet.})
22. Ba4 {Der Läufer des Weißen blockiert die schwarzen Freibauern am
Damenflügel dauerhaft.} Rxe5 23. Rxe5 (23. dxe5 Qxd2 24. exf6 gxf6 25. Rb5 Be4
$44) 23... Nxe5 24. Qxe5 Qb6 25. Rf1 Qe6 26. Qf4 ({Nach} 26. Qxe6 fxe6 {
hätte Schwarz keine Probleme mehr.}) 26... Rd8 (26... Qg4 27. e4 Qxf4 28. Rxf4
$16) 27. h3 Qe7 28. d5 Bxd5 {Das Figurenopfer dürfte die Partie nicht retten
können. Nicht ausreichend ist ebenfalls} (28... Nd7 29. Bxd7 Rxd7 (29... Qxd7
30. Nb3 Qe7 (30... a4 31. Nc5 Qe7 32. d6 {kostet den Schwarzen Material.}) 31.
Nxa5 {ist fatal für Schwarz.}) 30. Ra1 Qd8 31. Nb3 {Auch hier verliert Schwarz
seinen kostbaren a-Bauern. Nach anderen Zügen sieht die Lage jedoch für
Schwarz ebenfalls trostlos aus; Weiß droht zum Beispiel e3-e4-e5.}) 29. cxd5
Nxd5 30. Qf2 Qxe3 31. Bb3 Rd7 32. Re1 Qxf2+ 33. Kxf2 Kf8 34. Nc4 Nf4 35. Re3 $6
({I} 35. Kf3 g5 36. Nxa5 Rd3+ 37. Kg4 Nxg2 $11 {ist nicht gewinnträchtig für
Weiß.}) ({II} 35. Ra1 Nd3+ 36. Kf1 Nc5 37. Nxa5 Ra7 38. Bd5 {sollte jedoch zum
Gewinn genügen.}) 35... Ra7 (35... Rd5 $5 {mit der Absicht, bei Gelegenheit
Sf4-e6(d3)-c5 zu spielen, bot Rettungsaussichten.}) 36. Nd6 Re7 $2 (36... g5 {
mußte versucht werden.}) 37. Rxe7 Kxe7 38. Nc4 $18 f5 39. Nxa5 Kd6 40. Bg8 h6
41. Kf3 Ne6 42. Bxe6 Kxe6 43. Nc6 b3 44. Nd4+ Ke5 45. Nxb3 g5 46. g3 Kd5 47.
Nd2 Kd4 48. Nf1 Kd5 49. Ne3+ Ke5 50. g4 f4 51. Nf5 h5 52. Nh6 hxg4+ 53. hxg4
1-0

[Event "RUS-Cup06"]
[Site "Nizhnij Novgorod"]
[Date "1998.07.07"]
[Round "9"]
[White "Rashkovsky, Nukhim N"]
[Black "Skatchkov, Pavel"]
[Result "1-0"]
[WhiteElo "2505"]
[BlackElo "2415"]
[Annotator "Huebner,R"]
[PlyCount "37"]
[EventDate "1998.06.29"]
[EventType "swiss"]
[EventRounds "9"]
[EventCountry "RUS"]
[SourceTitle "EXT 2000"]
[Source "ChessBase"]
[SourceDate "1999.11.16"]
[SourceVersion "1"]
[SourceVersionDate "1999.11.16"]
[SourceQuality "1"]

1. d4 d5 2. c4 c6 3. Nf3 Nf6 4. Qb3 e6 5. g3 Bd6 6. Bg2 Nbd7 7. O-O O-O 8. Bf4
Qc7 (8... dxc4 9. Qxc4 Nb6 10. Qc2 Bxf4 11. gxf4 Nbd5 12. e3 $16 {1-0 Tratar,
M-Zugaj,F/SLO-chJ 1993 (41)}) 9. Bxd6 Qxd6 10. Nc3 b6 11. Rfd1 Ba6 12. Nd2 Rac8
13. e4 dxc4 14. Nxc4 Bxc4 15. Qxc4 e5 $2 {Nötig war Nötig war} (15... Qe7 {oder
}) (15... Qb8) (15... Qe7 {oder}) (15... Qb8) 16. f4 b5 (16... exd4 17. e5 Qc5
18. Qxd4 Ng4 19. Bh3 f5 (19... h5 20. Ne4 Qxd4+ 21. Rxd4 Rc7 22. Rad1 Nb8 23.
Bxg4 hxg4 24. Nf2 {ist auch nicht günstiger.}) 20. Bxg4 fxg4 21. Ne4 Qxd4+ 22.
Rxd4 {führt zu einer für Schwarz hoffnungslosen Stellung.}) 17. fxe5 Nxe5 18.
Qe2 ({Die Fortsetzung} 18. dxe5 Qxd1+ 19. Rxd1 bxc4 20. exf6 Rfd8 {verlangt
dem Weißen noch einige technische Sorgfalt ab.}) 18... Nfg4 19. h3 1-0

[Event "RUS-Cup07"]
[Site "Tomsk"]
[Date "1998.07.19"]
[Round "5"]
[White "Iskusnyh, Sergei"]
[Black "Gleizerov, Evgeny"]
[Result "1/2-1/2"]
[WhiteElo "2455"]
[BlackElo "2545"]
[Annotator "Huebner,R"]
[PlyCount "52"]
[EventDate "1998.07.15"]
[EventType "swiss"]
[EventRounds "9"]
[EventCountry "RUS"]
[SourceTitle "CBM 067"]
[Source "ChessBase"]
[SourceDate "1998.11.30"]
[SourceVersion "2"]
[SourceVersionDate "1998.11.01"]
[SourceQuality "1"]

1. Nf3 d5 2. d4 Bf5 3. c4 e6 4. Nc3 c6 5. Qb3 Qb6 6. c5 Qc7 7. Bf4 Qc8 8. Nh4
Bg4 9. h3 Bh5 10. g4 Be7 11. Bg3 Bg6 12. Nxg6 hxg6 13. e3 (13. e4 Nf6 14. exd5
exd5 15. Bg2 O-O 16. O-O Bd8 17. Bd6 Re8 18. g5 Ne4 19. Nxe4 dxe4 20. Rae1 Bc7
21. Bxe4 Bxd6 22. Bxg6 Rf8 23. Bxf7+ Kh8 24. cxd6 {1-0 Iskusnyh,S-Skatchkov,P/
RUS-Cup8 1997}) 13... Nd7 14. Be2 b6 15. cxb6 axb6 16. Rc1 Qb7 17. Nb5 e5 {
Die Annahme des Figurenopfers kam auch in Betracht:} (17... cxb5 18. Rc7 Qa6
19. Bxb5 Qa5+ 20. Kf1 (20. Ke2 {dürfte ungenau sein:} Rd8 (20... Ngf6 21. g5 (
21. a3 Bd8 22. Rb7 Ra7 $19) 21... Qxa2 22. gxf6 Qxb3 23. Bxd7+ Kf8 24. fxe7+
Kg8 25. e8=Q+ Rxe8 26. Bxe8 $18) 21. Rhc1 Ngf6 {Die Kompensation des Weißen
ist undeutlich; Schwarz droht mit Kraft 22...Th3 und 22...Se4.}) 20... Rd8 21.
Kg2 Ngf6 22. Be5 $44 {Hier ist die Lage des Schwarzen unbequem; er kann sich
nicht aus der Fesselung befreien. Der Textzug ist sicherer.}) 18. Nc3 Bf6 19.
e4 (19. dxe5 Bxe5 20. Bxe5 Nxe5 {führt zu gutem Spiel für Schwarz.}) 19... exd4
(19... Bg5 $5 {kam auch in Betracht:} 20. Rc2 (20. Rd1 exd4 21. Rxd4 Nc5 22.
Qc2 Ne6 $132) 20... exd4 (20... Ngf6 21. Bxe5 (21. dxe5 Nc5 {mit Vorteil für
Schwarz.}) 21... Nxe5 22. dxe5 Nxe4 23. Nxe4 dxe4 24. Rxc6 {und Weiß hat
großen Vorteil.}) 21. Nxd5 Bd8 $13 {mit schwer einzuschätzender Lage.}) 20.
Nxd5 Rc8 (20... cxd5 21. Rc7 {ist natürlich nicht ratsam für Schwarz.}) (20...
Bd8 {war dagegen auch gut spielbar.}) 21. Nxf6+ Ngxf6 22. Bf3 O-O 23. O-O Rfe8
24. Rfd1 Nxe4 25. Rxd4 Nxg3 26. fxg3 Ne5 1/2-1/2